|
|
|
|
| LEADER |
00000ctmaa2200000 a 4500 |
| 001 |
vtls011707326 |
| 003 |
SK-MaSNL |
| 005 |
20260302053424.0 |
| 008 |
230802s1817 xo || 000 1 lat |
| 035 |
|
|
|a urn:nbn:sk:snk-tm00cksq
|
| 035 |
|
|
|a urn:nbn:sk:snk-tm3n2mj
|
| 035 |
|
|
|a 70B34102-1194-4212-B018-D93400D26C46
|
| 040 |
|
|
|a SNKLA
|b slo
|c SNKLA
|e AACR2
|
| 041 |
0 |
|
|a lat
|
| 044 |
|
|
|a xo
|c SK
|
| 072 |
|
7 |
|a 27-78
|x Kresťanské združenia, spolky a organizácie. Rehoľné rády
|2 konspekt
|
| 080 |
|
|
|a 27-284
|2 2011
|
| 080 |
|
|
|a 025.171
|2 2011
|
| 080 |
|
|
|a 2-29
|2 2011
|
| 100 |
1 |
|
|a Boršó, Václav,
|d 1791-1864
|4 aut
|9 351433
|
| 245 |
1 |
0 |
|a Theologia dogmatica
|c P. Wenceslai Borsó
|
| 260 |
|
|
|a [Báč-Svätý Anton]
|c 1817
|
| 300 |
|
|
|a 220 strán, 1 nečíslovaná strana
|b rukopis, viazaný
|c 18 cm
|
| 500 |
|
|
|a Na prvom liste signatúra F. III. 46.
|
| 500 |
|
|
|a Strany 1-43 napísané rukopisom autora, zvyšok iným rukopisom
|
| 520 |
2 |
|
|a Dogmatická teológia
|
| 555 |
0 |
|
|a Inventár rukopisov Archívu literatúry a umenia Matice slovenskej. Rukopisy historických knižníc na Slovensku I. Martin: Matica slovenská 1992
|
| 561 |
|
|
|a Na prvom liste zápis autora - vlastníka: P. Wenceslai Borsó Ord. Minor. S. P. Francisci Prov. S. Mariae 1817. Podtým iný zápis: Anno vo sequenti dono datus Cajo Bustyák
|
| 610 |
2 |
7 |
|a Františkáni (Báč-Svätý Anton, Slovensko)
|b Mariánska provincia
|2 SNKLA
|9 348795
|
| 650 |
0 |
7 |
|a dogmatická teológia
|2 SNKPH
|9 1805
|
| 650 |
0 |
7 |
|a náboženská literatúra
|2 SNKPH
|9 1487
|
| 655 |
|
7 |
|a rukopisy
|2 SNKPH
|9 70548
|
| 700 |
1 |
|
|a Bušťák, Karol
|4 fmo
|9 711381
|
| 852 |
|
|
|a Slovenská národná knižnica
|b Literárny archív
|
| 958 |
|
|
|a ZH
|
| 958 |
|
|
|a LAVD
|
| 999 |
|
|
|c 1109331
|d 1111261
|
| 952 |
|
|
|a SNKLA
|b SNKLA
|c SNKLA_DEP
|y NEVYP
|7 0
|p 17A1226199
|o snkRHKS 831
|0 0
|1 0
|4 0
|d 2017-08-17
|f 1
|l 0
|r 2026-02-24 17:56:19
|w 2026-02-24
|